[Event "Florianopolis op 11th"]
[Site "Florianopolis"]
[Date "2025.01.24"]
[Round "8"]
[White "Batista, Arthur Henrique Bru"]
[Black "Machado, Luiz Fernando"]
[Result "0-1"]
[WhiteElo "1681"]
[BlackElo "1870"]
[PlyCount "96"]
[EventDate "2025.01.18"]
[EventType "swiss"]
[EventRounds "10"]
[EventCountry "BRA"]
[SourceTitle "CB05_2025"]
[SourceDate "2025.01.29"]
[SourceVersion "1"]
[SourceVersionDate "2025.01.29"]
[SourceQuality "1"]

1. e4 c6 2. d4 d5 3. exd5 cxd5 4. Bd3 Nc6 5. c3 Nf6 6. h3 g6 7. Qc2 Bg7 8. Bf4 0-0 9. Nf3 Re8 10. 0-0 Nh5 11. Bh2 e5 12. Nxe5 Nxe5 13. Bxe5 Bxe5 14. dxe5 Qg5 15. Kh2 Nf4 16. Rg1 Qxe5 17. Kh1 Qh5 18. Qa4 Bxh3 19. Qxf4 Bf5+ 20. Qh2 Qxh2+ 21. Kxh2 Bxd3 22. Rd1 Bf5 23. Nd2 Re2 24. Nf3 Rxf2 25. Rxd5 Be4 26. Rd2 Rxd2 27. Nxd2 Bd5 28. c4 Be6 29. b3 Rd8 30. Nf1 f5 31. Kg3 Kf7 32. Kf3 Kf6 33. Ke3 g5 34. g3 h5 35. Re1 Bd7 36. Kf2 Bc6 37. Re2 Rd4 38. Rd2 Ke5 39. Re2+ Be4 40. Nd2 Rd3 41. c5 h4 42. gxh4 gxh4 43. Nc4+ Kf4 44. Ne3 h3 45. Nf1 Rf3+ 46. Kg1 Rxf1+ 47. Kxf1 Bd3 48. c6 bxc6 0-1

[Event "Florianopolis op 11th"]
[Site "Florianopolis"]
[Date "2025.01.21"]
[Round "5"]
[White "Machado, Luiz Fernando"]
[Black "Curi, Gabriel"]
[Result "0-1"]
[WhiteElo "1870"]
[BlackElo "2115"]
[PlyCount "70"]
[EventDate "2025.01.18"]
[EventType "swiss"]
[EventRounds "10"]
[EventCountry "BRA"]
[SourceTitle "CB05_2025"]
[SourceDate "2025.01.29"]
[SourceVersion "1"]
[SourceVersionDate "2025.01.29"]
[SourceQuality "1"]

1. e4 e6 2. d4 d5 3. Nc3 Bb4 4. Qg4 Kf8 5. e5 c5 6. a3 Bxc3+ 7. bxc3 Qa5 8. Bd2 Qa4 9. c4 Nc6 10. Nf3 Nge7 11. Bd3 cxd4 12. cxd5 exd5 13. Qf4 h6 14. c3 Kg8 15. Nxd4 Ng6 16. Bxg6 fxg6 17. 0-0 Nxd4 18. cxd4 Be6 19. Bb4 Kh7 20. Rac1 Rhc8 21. h3 Qd7 22. Qe3 Rc4 23. Rxc4 dxc4 24. f4 h5 25. Rd1 Bd5 26. Qf2 Qf5 27. Kh2 Rc8 28. Qd2 Rc7 29. Rf1 g5 30. g3 c3 31. Qe3 Qc2+ 32. Rf2 Qd1 33. Rg2 c2 34. Rd2 c1Q 35. Qd3+ Kh8 0-1

[Event "Florianopolis op 11th"]
[Site "Florianopolis"]
[Date "2025.01.20"]
[Round "4"]
[White "Machado, Luiz Fernando"]
[Black "Bauza, Alejandro"]
[Result "1/2-1/2"]
[WhiteElo "1870"]
[BlackElo "2116"]
[PlyCount "63"]
[EventDate "2025.01.18"]
[EventType "swiss"]
[EventRounds "10"]
[EventCountry "BRA"]
[SourceTitle "CB05_2025"]
[SourceDate "2025.01.29"]
[SourceVersion "1"]
[SourceVersionDate "2025.01.29"]
[SourceQuality "1"]

1. e4 c6 2. d4 d5 3. Nc3 dxe4 4. Nxe4 Nd7 5. Bd3 Ngf6 6. Nxf6+ Nxf6 7. Nf3 Bg4 8. c3 e6 9. h3 Bh5 10. 0-0 Bd6 11. Re1 Qc7 12. Bd2 0-0 13. g4 Bg6 14. Qc2 c5 15. Bg5 Nd5 16. h4 cxd4 17. Nxd4 Bc5 18. Bxg6 fxg6 19. Qe4 Nf4 20. Bxf4 Qxf4 21. Qxe6+ Kh8 22. Re2 Rad8 23. Rd1 Bxd4 24. Rxd4 Rxd4 25. cxd4 Qxd4 26. Qe4 Qd1+ 27. Kg2 h6 28. Rc2 Rd8 29. Rc7 Rd4 30. Qe8+ Kh7 31. Rxg7+ Kxg7 32. Qe7+ 1/2-1/2

[Event "Florianopolis op 11th"]
[Site "Florianopolis"]
[Date "2025.01.20"]
[Round "3"]
[White "Yokomizo, Wilton"]
[Black "Machado, Luiz Fernando"]
[Result "0-1"]
[WhiteElo "1602"]
[BlackElo "1870"]
[PlyCount "58"]
[EventDate "2025.01.18"]
[EventType "swiss"]
[EventRounds "10"]
[EventCountry "BRA"]
[SourceTitle "CB05_2025"]
[SourceDate "2025.01.29"]
[SourceVersion "1"]
[SourceVersionDate "2025.01.29"]
[SourceQuality "1"]

1. e4 e5 2. Nf3 Nc6 3. Bb5 a6 4. Ba4 Nf6 5. 0-0 b5 6. Bb3 Be7 7. d3 0-0 8. Nc3 d6 9. h3 h6 10. Nd5 Na5 11. Nxe7+ Qxe7 12. Bd2 Nxb3 13. axb3 Nh7 14. Re1 f5 15. c4 fxe4 16. dxe4 Be6 17. Qe2 Bd7 18. b4 bxc4 19. Qxc4+ Be6 20. Qc6 Qf7 21. Re3 Ng5 22. Kf1 Bxh3 23. Qd5 Qxd5 24. exd5 Nxf3 25. gxh3 Nxd2+ 26. Ke2 Nc4 27. Rc3 Nb6 28. Rxc7 Nxd5 29. Rc6 Nf4+ 0-1

[Event "Florianopolis op 9th"]
[Site "Florianopolis"]
[Date "2023.01.27"]
[Round "7"]
[White "Vinales Gonzalez, Enzo Mathias"]
[Black "Machado, Luiz Fernando"]
[Result "1-0"]
[WhiteElo "1473"]
[BlackElo "1768"]
[PlyCount "85"]
[EventDate "2023.01.23"]
[EventType "swiss"]
[EventRounds "10"]
[EventCountry "BRA"]
[SourceTitle "CBM 212 Extra"]
[Source "ChessBase"]
[SourceDate "2023.03.31"]
[SourceVersion "1"]
[SourceVersionDate "2023.03.31"]
[SourceQuality "1"]

1. e4 e6 2. d4 d5 3. exd5 exd5 4. Bd3 Bd6 5. Nf3 Ne7 6. 0-0 h6 7. c3 Be6 8. Re1 Nbc6 9. Nbd2 Qd7 10. b4 0-0-0 11. a4 g5 12. b5 Na5 13. Nb3 Nxb3 14. Qxb3 f6 15. a5 h5 16. b6 a6 17. bxc7 Bxc7 18. Rb1 Qc6 19. Ba3 Rde8 20. Re2 Bf5 21. Qc2 Bxd3 22. Qxd3 Qd7 23. Bxe7 Rxe7 24. Rxe7 Qxe7 25. Qf5+ Kb8 26. Qxd5 Bf4 27. Ne1 Re8 28. Nd3 h4 29. g3 Rd8 30. Rxb7+ Qxb7 31. Qxd8+ Ka7 32. Qb6+ Qxb6 33. axb6+ Kxb6 34. gxf4 a5 35. c4 a4 36. c5+ Kb5 37. Kf1 a3 38. Nc1 g4 39. Ke2 f5 40. Kd3 Ka4 41. Kc4 g3 42. fxg3 hxg3 43. hxg3 1-0

[Event "Florianopolis op 9th"]
[Site "Florianopolis"]
[Date "2023.01.23"]
[Round "1"]
[White "Arnosti, Marcelo Gusmao"]
[Black "Machado, Luiz Fernando"]
[Result "0-1"]
[WhiteElo "1789"]
[BlackElo "1768"]
[PlyCount "56"]
[EventDate "2023.01.23"]
[EventType "swiss"]
[EventRounds "10"]
[EventCountry "BRA"]
[SourceTitle "CBM 212 Extra"]
[Source "ChessBase"]
[SourceDate "2023.03.31"]
[SourceVersion "1"]
[SourceVersionDate "2023.03.31"]
[SourceQuality "1"]

1. d4 e6 2. c4 f5 3. Nf3 Nf6 4. Nc3 d5 5. e3 c6 6. a3 Bd6 7. Bd3 0-0 8. c5 Bc7 9. 0-0 Ne4 10. Qc2 Nd7 11. b4 Rf6 12. Bb2 Rh6 13. Ne2 Bxh2+ 14. Kh1 Bc7+ 15. Kg1 Qe8 16. Bxe4 fxe4 17. Ng5 Qh5 18. Nh3 Qg4 19. f3 exf3 20. Rxf3 Rg6 21. Nef4 Qxf3 22. Nxg6 Qxe3+ 23. Kf1 hxg6 24. Re1 Qg3 25. Qd2 Nf6 26. Re3 Qh2 27. Qe2 Qh1+ 28. Ng1 Bh2 0-1

[Event "Concordia op 6th"]
[Site "Concordia"]
[Date "2022.10.15"]
[Round "7"]
[White "Machado, Luiz Fernando"]
[Black "Di Berardino, Diego Rafael"]
[Result "0-1"]
[WhiteElo "1728"]
[BlackElo "2475"]
[PlyCount "30"]
[EventDate "2022.10.12"]
[EventType "swiss"]
[EventRounds "9"]
[EventCountry "BRA"]
[SourceTitle "CBM 210 Extra"]
[Source "ChessBase"]
[SourceDate "2022.11.30"]
[SourceVersion "1"]
[SourceVersionDate "2022.11.30"]
[SourceQuality "1"]

1. e4 c5 2. Nf3 e6 3. d4 cxd4 4. Nxd4 Nc6 5. Be3 Nf6 6. Nc3 Bb4 7. f3 0-0 8. Qd2 d5 9. exd5 Nxd5 10. 0-0-0 Bxc3 11. bxc3 Qa5 12. Kb2 Nxe3 13. Qxe3 Qb6+ 14. Ka1 e5 15. Rb1 exd4 0-1

[Event "Concordia op 6th"]
[Site "Concordia"]
[Date "2022.10.14"]
[Round "6"]
[White "Chitolina, Ezequiel Henrique"]
[Black "Machado, Luiz Fernando"]
[Result "0-1"]
[WhiteElo "1065"]
[BlackElo "1728"]
[PlyCount "92"]
[EventDate "2022.10.12"]
[EventType "swiss"]
[EventRounds "9"]
[EventCountry "BRA"]
[SourceTitle "CBM 210 Extra"]
[Source "ChessBase"]
[SourceDate "2022.11.30"]
[SourceVersion "1"]
[SourceVersionDate "2022.11.30"]
[SourceQuality "1"]

1. e4 e6 2. d4 d5 3. Nc3 Bb4 4. e5 c5 5. Nf3 cxd4 6. Nxd4 Bxc3+ 7. bxc3 Qc7 8. Qd2 Qxe5+ 9. Be2 Nf6 10. Ba3 Nc6 11. 0-0 Ne4 12. Qe3 Nxc3 13. Qxe5 Nxe5 14. Bb5+ Nxb5 15. Nxb5 Nc4 16. Bb4 Kd7 17. Rfd1 b6 18. a4 a5 19. Bc3 f6 20. Rab1 Ba6 21. Nd4 Rhc8 22. Be1 Rab8 23. f3 g6 24. Bg3 e5 25. Nb5 Bxb5 26. Rxb5 d4 27. Bf2 Na3 28. Rb3 Nxc2 29. f4 Ke6 30. fxe5 fxe5 31. Bg3 Ne3 32. Rdb1 Kd5 33. Rb5+ Rc5 34. Rxc5+ Kxc5 35. Bxe5 Re8 36. Rb5+ Kc4 37. Bf4 Nd5 38. Bd2 Re2 39. Bg5 d3 40. Rb1 Ne3 41. Bxe3 Rxe3 42. Rc1+ Kb3 43. Kf2 Re2+ 44. Kf1 Re6 45. Kf2 d2 46. Rd1 Kc2 0-1

[Event "Florianopolis Winter op 6th"]
[Site "Florianopolis"]
[Date "2022.07.13"]
[Round "1"]
[White "Machado, Luiz Fernando"]
[Black "Silva, Kaua Marques"]
[Result "0-1"]
[WhiteElo "1652"]
[BlackElo "2163"]
[PlyCount "90"]
[EventDate "2022.07.13"]
[EventType "swiss"]
[EventRounds "9"]
[EventCountry "BRA"]
[SourceTitle "CBM 209 Extra"]
[Source "ChessBase"]
[SourceDate "2022.09.30"]
[SourceVersion "1"]
[SourceVersionDate "2022.09.30"]
[SourceQuality "1"]

1. e4 e5 2. Bc4 Nf6 3. Nc3 c6 4. d4 d5 5. dxe5 dxc4 6. Qxd8+ Kxd8 7. exf6 gxf6 8. Be3 Rg8 9. Nge2 Rxg2 10. Ng3 Bg4 11. Nce2 Bf3 12. 0-0-0+ Nd7 13. Nf4 Rxg3 14. hxg3 h6 15. Nh5 Ke7 16. Bd4 b6 17. Rh4 Bxd1 18. Kxd1 c5 19. Bc3 Rc8 20. Rf4 Rc6 21. Rf5 a5 22. a3 a4 23. Ke2 b5 24. Nf4 Bg7 25. Nd5+ Kd6 26. Nf4 Ke7 27. Nd5+ Kf8 28. f4 Rd6 29. Nc7 Rb6 30. Rd5 Ke7 31. Rd2 Kd8 32. Nd5 Re6 33. Kf3 Kc8 34. Ne3 Nb8 35. Nf5 Bf8 36. Rh2 b4 37. axb4 cxb4 38. Bd4 Nc6 39. c3 b3 40. Ne3 Nxd4+ 41. cxd4 c3 42. bxc3 a3 43. Nc4 Rc6 44. Na5 Rxc3+ 45. Kg4 b2 0-1

[Event "BRA-ch U20"]
[Site "Concordia"]
[Date "2021.10.03"]
[Round "6"]
[White "Machado, Luiz Fernando"]
[Black "Caetano, Ryan Wesley da Cost"]
[Result "0-1"]
[WhiteElo "1732"]
[BlackElo "2199"]
[PlyCount "86"]
[EventDate "2021.09.30"]
[EventType "swiss"]
[EventRounds "6"]
[EventCountry "BRA"]
[SourceTitle "EXT 2023"]
[Source "ChessBase"]
[SourceDate "2022.10.05"]
[SourceVersion "1"]
[SourceVersionDate "2022.10.05"]
[SourceQuality "1"]

1. e4 e5 2. Nf3 Nc6 3. Bb5 a6 4. Bxc6 dxc6 5. 0-0 f6 6. d4 Bg4 7. dxe5 Qxd1 8. Rxd1 fxe5 9. h3 Bxf3 10. gxf3 Bd6 11. Nc3 Ne7 12. Bg5 Ng6 13. Rd3 h6 14. Bd2 0-0 15. Kh1 Rf6 16. Rg1 Raf8 17. Ne2 Kh7 18. f4 exf4 19. f3 Ne5 20. Rb3 b5 21. Bc3 c5 22. Bxe5 Bxe5 23. Rd3 Rd6 24. b3 Rfd8 25. Rgd1 c4 26. bxc4 bxc4 27. Rxd6 Rxd6 28. Rxd6 cxd6 29. Kg2 Kg6 30. a4 Kf6 31. Kf2 Ke6 32. Ke1 d5 33. exd5+ Kxd5 34. Kd2 Kc5 35. c3 Kb6 36. Nd4 Bxd4 37. cxd4 Kc6 38. h4 Kd5 39. Kc3 g5 40. hxg5 hxg5 41. a5 g4 42. fxg4 f3 43. Kd2 Kxd4 0-1

[Event "Timbo op"]
[Site "Timbo"]
[Date "2021.02.19"]
[Round "2"]
[White "Machado, Luiz Fernando"]
[Black "Filimberti Uczai, Joao Pedro"]
[Result "0-1"]
[WhiteElo "1696"]
[BlackElo "2043"]
[PlyCount "48"]
[EventDate "2021.02.19"]
[EventType "swiss"]
[EventRounds "6"]
[EventCountry "BRA"]
[SourceTitle "EXT 2022"]
[Source "ChessBase"]
[SourceDate "2021.10.06"]
[SourceVersion "1"]
[SourceVersionDate "2021.10.06"]
[SourceQuality "1"]

1. e4 c5 2. Nf3 e6 3. d4 cxd4 4. Nxd4 Nf6 5. Bd3 Nc6 6. Nxc6 bxc6 7. Bg5 Qa5+ 8. Bd2 Qb6 9. 0-0 d5 10. exd5 cxd5 11. Qe2 Be7 12. Nc3 0-0 13. Kh1 Bb7 14. f4 Rad8 15. Rf3 Ne4 16. Raf1 Nxd2 17. Bxh7+ Kxh7 18. Rh3+ Kg8 19. Qh5 f5 20. Qg6 Rf6 21. Qh7+ Kf7 22. Rg3 Bf8 23. Qh5+ g6 24. Qh7+ Bg7 0-1